000 00606 a2200217 4500
005 20251215154423.0
008 251215b |||||||| |||| 00| 0 eng d
020 _a9789354662096
_cRs. 1195.00
040 _aMAIN
082 _a612
_bK529T(2)
100 _aKhurana, Indu
245 _aTextbook of anatomy and physiology for paramedical and health professionals
250 _a2nd
260 _bCBS Publishers and Distributors
_c2026
_aNew Delhi
300 _axxiv, 578
650 _aAnatomy
650 _aPhysiology
650 _aHealth Professionals
700 _aKhurana, Arushi
942 _cBK
999 _c393666
_d393666